Reklama je v procese budovania značky čerešnička na torte

Budovanie a pozicioning značky ako základ komunikačného posolstva. Analýza a informácie trhu. Príbeh značky, je vyjadrenie posolstva ako bude značka komunikovať, a ktorý bude základom reklamy.

Guardado en:
Detalles Bibliográficos
Autor principal: Boťanská, Mária
Formato: Capítulo de libro
Lenguaje:eslovaco
Materias:
Etiquetas: Agregar Etiqueta
Sin Etiquetas, Sea el primero en etiquetar este registro!

MARC

LEADER 00000naa a2200000 4500
001 0200320
005 20230912114616.1
041 0 |a slo 
044 |a SK 
245 1 0 |a Reklama je v procese budovania značky čerešnička na torte  |c Mária Boťanská 
520 |a Budovanie a pozicioning značky ako základ komunikačného posolstva. Analýza a informácie trhu. Príbeh značky, je vyjadrenie posolstva ako bude značka komunikovať, a ktorý bude základom reklamy. 
610 2 0 |a reklama 
610 2 0 |a metódy propagačné 
610 2 0 |a objekty reklamy 
610 2 0 |a psychológia reklamy 
610 2 0 |a tvorba reklamy 
610 2 0 |a umiestňovanie produktov 
100 1 |a Boťanská, Mária